Lesquels de ces joueurs ont joué au PSG ? - Statistiques

Statistiques générales
  • Ce quiz a été pris 215 fois
  • Le résultat moyen est 12 sur 15
Answers on the Grid
Answers color-coded by a green-red scale on the quiz's grid according to % correct below.
Laurent Abergel
David Beckham
Jérémy Ménez
Frédéric Guilbert
Layvin Kurzawa
Cristiano Ronaldo
Leonardo Balerdi
Neymar
Leandro Paredes
Maxim Choupo-Moting
Lucas Moura
Gabriel Martinelli
Khalis Merah
Rémi Himbert
Abdou Diallo
Nathan Mbala
Georginio Wijnaldum
Georges Mikautadze
Rodrigo Sayavedra
Onel Hernández
Lucas Hernández
Mario Lemina
Édouard Michut
Alexandre Lacazette
Kylian Mbappé
Julian Draxler
Marcin Bulka
Benoît Badiashile
Wesley Fofana
Ronaldinho
 
Statistiques - réponses
Réponse % Correct
David Beckham
96%
Neymar
94%
Layvin Kurzawa
90%
Jérémy Ménez
88%
Leandro Paredes
88%
Lucas Moura
86%
Maxim Choupo-Moting
85%
Kylian Mbappé
84%
Lucas Hernández
82%
Julian Draxler
81%
Ronaldinho
81%
Georginio Wijnaldum
76%
Abdou Diallo
66%
Édouard Michut
64%
Marcin Bulka
51%
Aucun quiz correspondant
Distribution des résultats
% des personnes avec chaque résultat
Percentile par nombre de réponses
Votre historique - résultats
Vous n’avez pas pris ce quiz